000 00825nam a2200253 a 4500
008
020 _a063117803 (hbk.)
040 _aMAIN
_cNUST
_c(17664)
_c(17665)
090 0 0 _aHD58.8
_bJUD
100 1 _aJudson, Arnold S.
245 1 0 _aChanging behavior in organizations :
_bminimizing resistance to change /
_cArnold S. Judson.
260 _aCambridge, Mass. :
_b Blackwell,
_c1991.
300 _avi, 221 p. ;
_c23 cm.
504 _aIncludes index.
504 _aIncludes bibliogaphical references.
650 _aOrganizational behaviour.
650 _aOrganization.
700 1 _aJudson, Arnold S.
_tManager's guide to making changes.
907 _a.b10082116
_b26-01-10
_c14-07-03
003
005 20230123133333.0
049 _aMAIN
942 _cBOOKS
_kHD58.8
_mJUD
999 _c146844
_d146844